[Event "World Youth & Cadets Rapid Championships"]
[Site "Rhodes, Greece"]
[Date "2022.05.01"]
[Round "5.17"]
[White "Rajandu, Aaron"]
[Black "Korelskiy, Egor"]
[Result "0-1"]
[TimeControl "10'/game & 5\"/move"]
[WhiteElo "1503"]
[BlackElo "1822"]

1. e4 {[%clk 00:10:09]} c5 {[%clk 00:10:09]} {[%emt 00:00:02]} 2. c3 {[%clk
00:10:13]} {[%emt 00:00:01]} e6 {[%clk 00:10:13]} {[%emt 00:00:01]} 3. d4
{[%clk 00:10:13]} {[%emt 00:00:05]} d5 {[%clk 00:10:16]} {[%emt 00:00:01]} 4.
exd5 {[%clk 00:10:16]} {[%emt 00:00:02]} exd5 {[%clk 00:10:20]} {[%emt
00:00:02]} 5. Nf3 {[%clk 00:10:17]} {[%emt 00:00:03]} Nf6 {[%clk 00:10:23]}
{[%emt 00:00:02]} 6. Be2 {[%clk 00:10:10]} {[%emt 00:00:12]} Nc6 {[%clk
00:10:25]} {[%emt 00:00:02]} 7. O-O {[%clk 00:10:10]} {[%emt 00:00:06]} Bd6
{[%clk 00:10:26]} {[%emt 00:00:04]} 8. Bg5 {[%clk 00:09:57]} {[%emt 00:00:18]}
Be6 {[%clk 00:10:25]} {[%emt 00:00:06]} 9. Bd3 {[%clk 00:09:32]} {[%emt
00:00:31]} O-O {[%clk 00:10:23]} {[%emt 00:00:07]} 10. Qc2 {[%clk 00:09:20]}
{[%emt 00:00:16]} h6 {[%clk 00:10:26]} {[%emt 00:00:03]} 11. Bh4 {[%clk
00:09:22]} {[%emt 00:00:02]} cxd4 {[%clk 00:10:29]} {[%emt 00:00:03]} 12. Nxd4
{[%clk 00:08:53]} {[%emt 00:00:33]} Nxd4 {[%clk 00:10:30]} {[%emt 00:00:05]} 13.
cxd4 {[%clk 00:08:54]} {[%emt 00:00:03]} Bxh2+ {[%clk 00:10:01]} {[%emt
00:00:34]} 14. Kxh2 {[%clk 00:08:17]} {[%emt 00:00:43]} Ng4+ {[%clk 00:10:05]}
{[%emt 00:00:01]} 15. Kg3 {[%clk 00:07:47]} {[%emt 00:00:34]} g5 {[%clk
00:10:07]} {[%emt 00:00:03]} 16. Bf5 {[%clk 00:06:30]} {[%emt 00:01:21]} gxh4+
{[%clk 00:10:00]} {[%emt 00:00:13]} 17. Kxg4 {[%clk 00:06:18]} {[%emt
00:00:17]} Qg5+ {[%clk 00:10:04]} {[%emt 00:00:02]} 18. Kf3 {[%clk 00:05:37]}
{[%emt 00:00:45]} Bxf5 {[%clk 00:10:08]} {[%emt 00:00:02]} 19. Qc1 {[%clk
00:05:00]} {[%emt 00:00:42]} Bg4# {[%clk 00:10:11]} {[%emt 00:00:02]} 0-1

[Event "World Youth & Cadets Rapid Championships"]
[Site "Rhodes, Greece"]
[Date "2022.05.01"]
[Round "5.18"]
[White "Bogdanov, Artyom"]
[Black "Balint, Peter"]
[Result "1-0"]
[TimeControl "10'/game & 5\"/move"]
[WhiteElo "1450"]
[BlackElo "1721"]

1. e4 {[%clk 00:10:09]} c5 {[%clk 00:10:09]} {[%emt 00:00:02]} 2. Nf3 {[%clk
00:10:12]} {[%emt 00:00:01]} e6 {[%clk 00:10:13]} {[%emt 00:00:01]} 3. d4
{[%clk 00:10:17]} {[%emt 00:00:01]} cxd4 {[%clk 00:10:17]} {[%emt 00:00:01]} 4.
Nxd4 {[%clk 00:10:21]} {[%emt 00:00:02]} a6 {[%clk 00:10:21]} 5. Nc3 {[%clk
00:10:23]} {[%emt 00:00:02]} b5 {[%clk 00:10:14]} {[%emt 00:00:12]} 6. Bd3
{[%clk 00:10:26]} {[%emt 00:00:02]} Bb7 {[%clk 00:10:15]} {[%emt 00:00:04]} 7.
O-O {[%clk 00:10:29]} {[%emt 00:00:03]} Qc7 {[%clk 00:10:13]} {[%emt 00:00:07]}
8. Re1 {[%clk 00:10:19]} {[%emt 00:00:14]} Nc6 {[%clk 00:10:05]} {[%emt
00:00:14]} 9. Nxc6 {[%clk 00:10:16]} {[%emt 00:00:08]} Bxc6 {[%clk 00:10:07]}
{[%emt 00:00:03]} 10. Nd5 {[%clk 00:09:21]} {[%emt 00:01:00]} Bxd5 {[%clk
00:08:24]} {[%emt 00:01:48]} 11. exd5 {[%clk 00:09:24]} {[%emt 00:00:02]} Nf6
{[%clk 00:08:19]} {[%emt 00:00:10]} 12. Qf3 {[%clk 00:08:47]} {[%emt 00:00:41]}
Rc8 {[%clk 00:07:43]} {[%emt 00:00:41]} 13. dxe6 {[%clk 00:08:46]} {[%emt
00:00:07]} dxe6 {[%clk 00:07:46]} {[%emt 00:00:02]} 14. a4 {[%clk 00:08:33]}
{[%emt 00:00:18]} Bd6 {[%clk 00:07:39]} {[%emt 00:00:12]} 15. axb5 {[%clk
00:08:09]} {[%emt 00:00:29]} O-O {[%clk 00:06:36]} {[%emt 00:01:07]} 16. bxa6
{[%clk 00:07:43]} {[%emt 00:00:32]} Bxh2+ {[%clk 00:06:32]} {[%emt 00:00:09]}
17. Kh1 {[%clk 00:07:45]} {[%emt 00:00:01]} Bd6 {[%clk 00:06:31]} {[%emt
00:00:07]} 18. Bg5 {[%clk 00:06:56]} {[%emt 00:00:54]} Nd5 {[%clk 00:06:22]}
{[%emt 00:00:14]} 19. c3 {[%clk 00:05:34]} {[%emt 00:01:28]} Rfe8 {[%clk
00:05:48]} {[%emt 00:00:39]} 20. Be4 {[%clk 00:04:56]} {[%emt 00:00:43]} Nb6
{[%clk 00:05:10]} {[%emt 00:00:43]} 21. Be3 {[%clk 00:04:59]} {[%emt 00:00:01]}
Na8 {[%clk 00:05:04]} {[%emt 00:00:12]} 22. a7 {[%clk 00:04:16]} {[%emt
00:00:48]} f5 {[%clk 00:04:54]} {[%emt 00:00:15]} 23. Bb7 {[%clk 00:03:43]}
{[%emt 00:00:38]} Rcd8 {[%clk 00:04:49]} {[%emt 00:00:10]} 24. Bc6 {[%clk
00:03:37]} {[%emt 00:00:11]} Rf8 {[%clk 00:04:53]} 25. Bg5 {[%clk 00:03:23]}
{[%emt 00:00:19]} Rc8 {[%clk 00:03:02]} {[%emt 00:01:56]} 26. Bb7 {[%clk
00:02:59]} {[%emt 00:00:29]} Rce8 {[%clk 00:02:04]} {[%emt 00:01:03]} 27. Rxe6
{[%clk 00:02:57]} {[%emt 00:00:07]} Rxe6 {[%clk 00:01:54]} {[%emt 00:00:15]} 28.
Bxa8 {[%clk 00:03:00]} {[%emt 00:00:02]} Qxa7 {[%clk 00:01:29]} {[%emt
00:00:30]} 29. Qd1 {[%clk 00:02:03]} {[%emt 00:01:02]} Qf7 {[%clk 00:00:35]}
{[%emt 00:00:59]} 30. Bd5 {[%clk 00:01:54]} {[%emt 00:00:13]} Rfe8 {[%clk
00:00:22]} {[%emt 00:00:18]} 31. Bxe6 {[%clk 00:01:44]} {[%emt 00:00:14]} Qxe6
{[%clk 00:00:27]} {[%emt 00:00:01]} 32. g3 {[%clk 00:01:36]} {[%emt 00:00:14]}
Bb8 {[%clk 00:00:24]} {[%emt 00:00:08]} 33. Qf3 {[%clk 00:01:36]} {[%emt
00:00:04]} h6 {[%clk 00:00:28]} {[%emt 00:00:02]} 34. Be3 {[%clk 00:01:36]}
{[%emt 00:00:03]} Kh7 {[%clk 00:00:22]} {[%emt 00:00:12]} 35. Bd2 {[%clk
00:00:58]} {[%emt 00:00:43]} Rd8 {[%clk 00:00:18]} {[%emt 00:00:11]} 36. Be3
{[%clk 00:01:01]} {[%emt 00:00:01]} Re8 {[%clk 00:00:19]} {[%emt 00:00:04]} 37.
Bd4 {[%clk 00:01:04]} {[%emt 00:00:02]} Rf8 {[%clk 00:00:18]} {[%emt 00:00:06]}
38. Qb7 {[%clk 00:00:53]} {[%emt 00:00:16]} Be5 {[%clk 00:00:19]} {[%emt
00:00:03]} 39. Re1 {[%clk 00:00:47]} {[%emt 00:00:11]} f4 {[%clk 00:00:19]}
{[%emt 00:00:06]} 40. Qe4+ {[%clk 00:00:27]} {[%emt 00:00:25]} Kh8 {[%clk
00:00:21]} 41. Qxe5 {[%clk 00:00:30]} {[%emt 00:00:04]} Qh3+ {[%clk 00:00:16]}
42. Kg1 {[%clk 00:00:35]} {[%emt 00:00:11]} Rf6 {[%clk 00:00:21]} 43. Qe8+
{[%clk 00:00:30]} {[%emt 00:00:09]} Kh7 {[%clk 00:00:22]} {[%emt 00:00:05]} 44.
Qe4+ {[%clk 00:00:33]} {[%emt 00:00:02]} Rg6 {[%clk 00:00:21]} {[%emt
00:00:06]} 45. Qg2 {[%clk 00:00:31]} {[%emt 00:00:06]} Qf5 {[%clk 00:00:21]}
{[%emt 00:00:05]} 46. Kh2 {[%clk 00:00:26]} {[%emt 00:00:10]} f3 {[%clk
00:00:24]} {[%emt 00:00:03]} 47. Qh3 {[%clk 00:00:29]} {[%emt 00:00:02]} Qf7
{[%clk 00:00:22]} {[%emt 00:00:07]} 48. Kg1 {[%clk 00:00:28]} {[%emt 00:00:05]}
Rg5 {[%clk 00:00:26]} {[%emt 00:00:02]} 49. Qe6 {[%clk 00:00:29]} {[%emt
00:00:03]} Qh5 {[%clk 00:00:26]} {[%emt 00:00:05]} 50. Qe4+ {[%clk 00:00:28]}
{[%emt 00:00:06]} Rg6 {[%clk 00:00:24]} {[%emt 00:00:08]} 51. Qd3 {[%clk
00:00:25]} {[%emt 00:00:08]} Qg4 {[%clk 00:00:21]} {[%emt 00:00:08]} 52. Re4
{[%clk 00:00:23]} {[%emt 00:00:06]} Qh3 {[%clk 00:00:15]} {[%emt 00:00:12]} 53.
Qf1 {[%clk 00:00:27]} Qh5 {[%clk 00:00:16]} {[%emt 00:00:04]} 54. Re7 {[%clk
00:00:26]} {[%emt 00:00:06]} Qf5 {[%clk 00:00:15]} 55. b4 {[%clk 00:00:20]}
{[%emt 00:00:17]} h5 {[%clk 00:00:19]} 56. Re5 {[%clk 00:00:21]} {[%emt
00:00:04]} Qg4 {[%emt 00:00:03]} 57. Kh2 {[%clk 00:00:10]} {[%emt 00:00:15]} h4
{[%clk 00:00:26]} 58. Qh3 {[%clk 00:00:13]} {[%emt 00:00:02]} Qd7 {[%clk
00:00:22]} {[%emt 00:00:10]} 59. Qxd7 {[%clk 00:00:16]} {[%emt 00:00:02]} 1-0

[Event "World Youth & Cadets Rapid Championships"]
[Site "Rhodes, Greece"]
[Date "2022.05.01"]
[Round "5.19"]
[White "Patel, Zain"]
[Black "Pidluznij, Matvej"]
[Result "1-0"]
[TimeControl "10'/game & 5\"/move"]
[WhiteElo "1563"]
[BlackElo "1164"]

1. d4 {[%clk 00:10:08]} {[%emt 00:00:02]} d5 {[%clk 00:10:10]} 2. c4 {[%clk
00:10:12]} {[%emt 00:00:01]} c6 {[%clk 00:10:14]} 3. cxd5 {[%clk 00:10:15]}
{[%emt 00:00:01]} cxd5 {[%clk 00:10:17]} {[%emt 00:00:03]} 4. Bf4 {[%clk
00:10:18]} {[%emt 00:00:02]} Bf5 {[%clk 00:10:13]} {[%emt 00:00:09]} 5. Nc3
{[%clk 00:10:22]} {[%emt 00:00:01]} Nf6 {[%clk 00:09:43]} {[%emt 00:00:35]} 6.
e3 {[%clk 00:10:23]} {[%emt 00:00:05]} a6 {[%clk 00:09:42]} {[%emt 00:00:05]} 7.
Qb3 {[%clk 00:10:19]} {[%emt 00:00:08]} Qd7 {[%clk 00:09:24]} {[%emt 00:00:23]}
8. Nb5 {[%clk 00:10:02]} {[%emt 00:00:23]} Kd8 {[%clk 00:08:53]} {[%emt
00:00:36]} 9. Bc7+ {[%clk 00:09:44]} {[%emt 00:00:23]} Ke8 {[%clk 00:08:46]}
{[%emt 00:00:11]} 10. Rc1 {[%clk 00:09:48]} {[%emt 00:00:03]} Nc6 {[%clk
00:08:33]} {[%emt 00:00:18]} 11. Bg3 {[%clk 00:09:01]} {[%emt 00:00:51]} axb5
{[%clk 00:08:24]} {[%emt 00:00:14]} 12. Bxb5 {[%clk 00:09:05]} {[%emt
00:00:01]} e6 {[%clk 00:08:03]} {[%emt 00:00:25]} 13. Nf3 {[%emt 00:00:07]} Bd6
{[%clk 00:07:35]} {[%emt 00:00:28]} 14. Bxd6 {[%clk 00:09:00]} {[%emt
00:00:13]} Qxd6 {[%clk 00:07:38]} {[%emt 00:00:03]} 15. Ne5 {[%clk 00:08:51]}
{[%emt 00:00:14]} Rc8 {[%clk 00:07:34]} {[%emt 00:00:07]} 16. O-O {[%clk
00:07:51]} {[%emt 00:01:07]} Ke7 {[%clk 00:07:22]} {[%emt 00:00:17]} 17. Bxc6
{[%clk 00:07:46]} {[%emt 00:00:10]} bxc6 {[%clk 00:07:13]} {[%emt 00:00:13]} 18.
Nxc6+ {[%clk 00:07:29]} {[%emt 00:00:23]} Kd7 {[%clk 00:06:29]} {[%emt
00:00:47]} 19. Qb7+ {[%clk 00:07:12]} {[%emt 00:00:25]} Rc7 {[%clk 00:04:44]}
{[%emt 00:01:48]} 20. Ne5+ {[%clk 00:07:15]} {[%emt 00:00:03]} Qxe5 {[%clk
00:01:15]} {[%emt 00:03:33]} 21. Qb5+ {[%clk 00:07:17]} {[%emt 00:00:04]} Kd8
{[%clk 00:01:07]} {[%emt 00:00:11]} 22. dxe5 {[%clk 00:07:19]} {[%emt
00:00:05]} Rxc1 {[%clk 00:00:58]} {[%emt 00:00:15]} 23. Rxc1 {[%clk 00:07:21]}
{[%emt 00:00:02]} Ne8 {[%clk 00:00:27]} {[%emt 00:00:35]} 24. Qb8+ {[%clk
00:07:13]} {[%emt 00:00:13]} Ke7 {[%clk 00:00:30]} {[%emt 00:00:02]} 25. Rc7+
{[%clk 00:07:08]} {[%emt 00:00:11]} Kf8 {[%clk 00:00:34]} {[%emt 00:00:01]} 26.
Rc8 {[%clk 00:06:59]} {[%emt 00:00:14]} Ke7 {[%clk 00:00:35]} {[%emt 00:00:04]}
27. Rxe8+ {[%clk 00:06:58]} {[%emt 00:00:06]} Rxe8 {[%clk 00:00:36]} {[%emt
00:00:03]} 28. Qd6# {[%clk 00:06:50]} {[%emt 00:00:08]} 1-0

[Event "World Youth & Cadets Rapid Championships"]
[Site "Rhodes, Greece"]
[Date "2022.05.01"]
[Round "5.21"]
[White "Negrean, Andrei"]
[Black "Shilon Rahav, Eliran"]
[Result "0-1"]
[TimeControl "10'/game & 5\"/move"]
[WhiteElo "1806"]
[BlackElo "1491"]

1. d4 {[%clk 00:10:06]} {[%emt 00:00:03]} d5 {[%clk 00:10:06]} {[%emt
00:00:05]} 2. c4 {[%clk 00:10:09]} {[%emt 00:00:01]} e6 {[%clk 00:10:09]}
{[%emt 00:00:03]} 3. Nf3 {[%clk 00:10:10]} {[%emt 00:00:04]} c6 {[%clk
00:10:11]} {[%emt 00:00:02]} 4. Qc2 {[%clk 00:09:34]} {[%emt 00:00:42]} f5
{[%clk 00:10:09]} {[%emt 00:00:06]} 5. g3 {[%clk 00:09:02]} {[%emt 00:00:36]}
Nf6 {[%clk 00:10:09]} {[%emt 00:00:06]} 6. Bg2 {[%clk 00:09:00]} {[%emt
00:00:07]} Bd6 {[%clk 00:10:07]} {[%emt 00:00:07]} 7. O-O {[%clk 00:08:54]}
{[%emt 00:00:11]} O-O {[%clk 00:10:08]} {[%emt 00:00:04]} 8. b3 {[%clk
00:08:13]} {[%emt 00:00:47]} b6 {[%clk 00:10:00]} {[%emt 00:00:12]} 9. Ba3
{[%clk 00:07:29]} {[%emt 00:00:48]} Bb7 {[%clk 00:09:40]} {[%emt 00:00:26]} 10.
Bxd6 {[%clk 00:07:03]} {[%emt 00:00:31]} Qxd6 {[%clk 00:09:43]} {[%emt
00:00:02]} 11. Nc3 {[%clk 00:06:37]} {[%emt 00:00:32]} Ne4 {[%clk 00:08:39]}
{[%emt 00:01:08]} 12. Na4 {[%clk 00:05:35]} {[%emt 00:01:08]} Nd7 {[%clk
00:08:14]} {[%emt 00:00:30]} 13. Nb2 {[%clk 00:04:17]} {[%emt 00:01:22]} Rac8
{[%clk 00:07:57]} {[%emt 00:00:22]} 14. Rad1 {[%clk 00:04:08]} {[%emt
00:00:14]} c5 {[%clk 00:07:08]} {[%emt 00:00:54]} 15. dxc5 {[%clk 00:03:14]}
{[%emt 00:00:59]} Ndxc5 {[%clk 00:06:54]} {[%emt 00:00:20]} 16. cxd5 {[%emt
00:00:29]} Bxd5 {[%clk 00:06:28]} {[%emt 00:00:16]} 17. Nc4 {[%clk 00:03:05]}
{[%emt 00:00:05]} Qe7 {[%clk 00:06:18]} {[%emt 00:00:15]} 18. Nfd2 {[%clk
00:01:01]} {[%emt 00:02:09]} b5 {[%clk 00:06:08]} {[%emt 00:00:15]} 19. Ne3
{[%clk 00:00:50]} {[%emt 00:00:16]} Na4 {[%clk 00:04:38]} {[%emt 00:01:34]} 20.
Nxd5 {[%clk 00:00:42]} {[%emt 00:00:13]} exd5 {[%clk 00:04:40]} {[%emt
00:00:04]} 21. Qd3 {[%clk 00:00:30]} {[%emt 00:00:06]} Nb2 {[%clk 00:03:33]}
{[%emt 00:01:23]} 22. Qxd5+ {[%clk 00:00:33]} {[%emt 00:00:02]} Kh8 {[%clk
00:03:36]} {[%emt 00:00:01]} 23. Rb1 {[%clk 00:00:11]} {[%emt 00:00:27]} Rcd8
{[%clk 00:03:00]} {[%emt 00:00:41]} 24. Qxb5 {[%clk 00:00:08]} {[%emt
00:00:09]} Rxd2 {[%clk 00:02:55]} {[%emt 00:00:09]} 25. Qa5 {[%clk 00:00:07]}
{[%emt 00:00:07]} Rxe2 {[%clk 00:02:46]} {[%emt 00:00:13]} 26. Bf3 {[%clk
00:00:11]} {[%emt 00:00:02]} Rc2 {[%clk 00:02:35]} {[%emt 00:00:15]} 27. Bd1
{[%clk 00:00:10]} {[%emt 00:00:06]} Nxd1 {[%clk 00:02:34]} {[%emt 00:00:06]} 28.
Rbxd1 {[%clk 00:00:11]} {[%emt 00:00:04]} Qc5 {[%clk 00:02:32]} {[%emt
00:00:08]} 29. Qxc5 {[%clk 00:00:10]} {[%emt 00:00:05]} Rxc5 {[%clk 00:02:32]}
{[%emt 00:00:05]} 30. Rd7 {[%clk 00:00:14]} {[%emt 00:00:02]} Ra5 {[%clk
00:02:32]} {[%emt 00:00:05]} 31. a4 {[%clk 00:00:16]} {[%emt 00:00:03]} Nc5
{[%clk 00:02:30]} {[%emt 00:00:06]} 32. Rc7 {[%clk 00:00:09]} {[%emt 00:00:13]}
Nxb3 {[%clk 00:02:31]} {[%emt 00:00:04]} 33. Re1 {[%clk 00:00:12]} {[%emt
00:00:02]} a6 {[%clk 00:02:09]} {[%emt 00:00:26]} 34. Ree7 {[%clk 00:00:11]}
{[%emt 00:00:06]} Rg8 {[%clk 00:02:11]} {[%emt 00:00:04]} 35. Rc4 {[%clk
00:00:09]} {[%emt 00:00:07]} Nd2 {[%clk 00:02:09]} {[%emt 00:00:06]} 36. Rf4
{[%clk 00:00:10]} {[%emt 00:00:04]} Rf8 {[%clk 00:01:53]} {[%emt 00:00:21]} 37.
Kg2 {[%clk 00:00:07]} {[%emt 00:00:08]} h6 {[%clk 00:01:48]} {[%emt 00:00:10]}
38. h4 {[%clk 00:00:08]} {[%emt 00:00:04]} Rd8 {[%clk 00:01:42]} {[%emt
00:00:11]} 39. g4 {[%clk 00:00:07]} {[%emt 00:00:07]} fxg4 {[%clk 00:01:35]}
{[%emt 00:00:11]} 40. Rxg4 {[%clk 00:00:06]} {[%emt 00:00:06]} Rg8 {[%clk
00:01:36]} {[%emt 00:00:04]} 41. Rd4 {[%clk 00:00:07]} {[%emt 00:00:05]} Nb3
{[%clk 00:01:32]} {[%emt 00:00:08]} 42. Rc4 {[%clk 00:00:09]} {[%emt 00:00:02]}
Rc5 {[%clk 00:01:23]} {[%emt 00:00:15]} 43. Rb4 {[%clk 00:00:12]} {[%emt
00:00:03]} Nd2 {[%clk 00:01:06]} {[%emt 00:00:22]} 44. Rb6 {[%clk 00:00:12]}
{[%emt 00:00:05]} a5 {[%clk 00:01:02]} {[%emt 00:00:10]} 45. Rbb7 {[%clk
00:00:08]} {[%emt 00:00:08]} Rc4 {[%clk 00:00:56]} {[%emt 00:00:11]} 46. Ra7
{[%clk 00:00:08]} {[%emt 00:00:05]} Rxa4 {[%clk 00:00:56]} {[%emt 00:00:05]} 47.
Re5 {[%clk 00:00:08]} {[%emt 00:00:05]} Nc4 {[%clk 00:00:52]} {[%emt 00:00:09]}
48. Rc5 {[%clk 00:00:10]} {[%emt 00:00:03]} Nd6 {[%clk 00:00:34]} {[%emt
00:00:23]} 49. h5 {[%clk 00:00:09]} {[%emt 00:00:06]} Rg4+ {[%clk 00:00:26]}
{[%emt 00:00:13]} 50. Kf3 {[%clk 00:00:08]} {[%emt 00:00:06]} Rg5 {[%clk
00:00:25]} {[%emt 00:00:06]} 51. Rxg5 {[%clk 00:00:10]} {[%emt 00:00:03]} hxg5
{[%clk 00:00:29]} 52. Rxa5 {[%clk 00:00:13]} {[%emt 00:00:02]} Rf8+ {[%clk
00:00:32]} {[%emt 00:00:03]} 53. Kg4 {[%clk 00:00:08]} {[%emt 00:00:09]} Ne4
{[%clk 00:00:32]} {[%emt 00:00:05]} 54. Rf5 {[%clk 00:00:07]} {[%emt 00:00:07]}
Nxf2+ {[%clk 00:00:28]} {[%emt 00:00:09]} 55. Kxg5 {[%clk 00:00:10]} {[%emt
00:00:01]} Rxf5+ {[%clk 00:00:22]} {[%emt 00:00:11]} 56. Kxf5 {[%clk 00:00:14]}
{[%emt 00:00:01]} Kh7 {[%clk 00:00:25]} {[%emt 00:00:02]} 57. Kg5 {[%clk
00:00:13]} {[%emt 00:00:06]} Ne4+ {[%clk 00:00:27]} {[%emt 00:00:03]} 58. Kf5
{[%clk 00:00:15]} {[%emt 00:00:02]} Nd6+ {[%clk 00:00:30]} {[%emt 00:00:03]} 59.
Kg5 {[%clk 00:00:17]} {[%emt 00:00:02]} Nc4 {[%clk 00:00:29]} {[%emt 00:00:06]}
60. h6 {[%clk 00:00:13]} {[%emt 00:00:09]} g6 {[%clk 00:00:28]} {[%emt
00:00:06]} 61. Kf4 {[%clk 00:00:16]} {[%emt 00:00:02]} Kxh6 {[%clk 00:00:32]}
{[%emt 00:00:02]} 62. Ke4 {[%clk 00:00:21]} g5 {[%clk 00:00:34]} {[%emt
00:00:03]} 63. Kf3 {[%clk 00:00:25]} Kh5 {[%clk 00:00:37]} {[%emt 00:00:02]} 64.
Kg3 {[%clk 00:00:29]} Ne5 {[%clk 00:00:41]} 65. Kf2 {[%clk 00:00:33]} Kh4
{[%clk 00:00:45]} {[%emt 00:00:02]} 66. Kg2 {[%clk 00:00:37]} Kg4 {[%clk
00:00:49]} {[%emt 00:00:01]} 67. Kh2 {[%clk 00:00:41]} Kf3 {[%clk 00:00:53]} 68.
Kh3 {[%clk 00:00:41]} {[%emt 00:00:01]} g4 {[%clk 00:00:57]} {[%emt 00:00:05]}
69. Kh2 {[%clk 00:00:44]} Kf2 {[%clk 00:00:55]} {[%emt 00:00:08]} 70. Kh1
{[%clk 00:00:48]} Nc4 {[%clk 00:00:57]} {[%emt 00:00:03]} 71. Kh2 {[%clk
00:00:52]} g3 {[%clk 00:01:02]} 72. Kh3 {[%clk 00:00:54]} {[%emt 00:00:02]} g2
{[%clk 00:01:05]} {[%emt 00:00:02]} 73. Kg4 {[%clk 00:00:58]} g1=Q+ {[%clk
00:01:07]} {[%emt 00:00:04]} 74. Kf5 {[%clk 00:01:02]} Qg7 {[%clk 00:01:07]}
{[%emt 00:00:06]} 75. Ke4 {[%clk 00:01:03]} {[%emt 00:00:02]} Qf6 {[%clk
00:01:09]} {[%emt 00:00:05]} 76. Kd5 {[%clk 00:01:06]} {[%emt 00:00:02]} Nb2
{[%clk 00:01:08]} {[%emt 00:00:05]} 77. Ke4 {[%clk 00:01:08]} {[%emt 00:00:03]}
Qg5 {[%clk 00:01:04]} {[%emt 00:00:09]} 78. Kd4 {[%clk 00:01:11]} {[%emt
00:00:01]} Qf5 {[%clk 00:01:07]} {[%emt 00:00:03]} 79. Kc3 {[%clk 00:01:15]}
{[%emt 00:00:02]} Qe4 {[%clk 00:01:06]} {[%emt 00:00:05]} 80. Kb3 {[%clk
00:01:17]} {[%emt 00:00:03]} Qc4+ {[%clk 00:01:02]} {[%emt 00:00:09]} 81. Ka3
{[%clk 00:01:19]} {[%emt 00:00:03]} Qb5 {[%clk 00:00:54]} {[%emt 00:00:12]} 82.
Ka2 {[%clk 00:01:23]} {[%emt 00:00:03]} Nd3 {[%clk 00:00:57]} {[%emt 00:00:02]}
83. Ka3 {[%clk 00:01:27]} Qb4+ {[%clk 00:01:00]} {[%emt 00:00:02]} 84. Ka2
{[%clk 00:01:30]} Qb2# {[%clk 00:01:04]} 0-1